| 000 | 00620nam a22001817a 4500 | ||
|---|---|---|---|
| 999 |
_c176799 _d176799 |
||
| 005 | 20210127151416.0 | ||
| 010 | _aENG-128853 | ||
| 020 |
_c300.00 _a978-81-8449-102-9 |
||
| 035 | _aEN-112385 | ||
| 037 | _bDBAD/PUB | ||
| 082 | _a230.1 | ||
| 100 | _aSubramaniam, Neela | ||
| 245 |
_aMahabharata/ _bby Neela Subramaniam |
||
| 260 |
_aChennai _bSura College of Competition _c2018 |
||
| 270 |
_bChennai _e600040 _a1620, J Block, 16th Main Road, Anna Nagar _k044-26162173, 261161099 _menquiry@surabooks.com |
||
| 300 |
_aviii+400p. _c21cm(pbk) _bIncluding Illustrations. |
||
| 942 |
_2ddc _cEN _h230.1 _mSUB |
||